History Quiz

Random History or Biography Quiz
Score 0/23 Timer 06:00
0 Plays Today
% Correct
1800s
87.2%
1900s
87%
1700s
86%
1600s
68.8%
1500s
66.7%
1300s BCE
65.7%
0s BCE
57%
300s BCE
55.4%
1000s
55.3%
1400s
51.3%
400s BCE
50.5%
0s
47.7%
% Correct
100s
41.5%
300s
37.3%
1100s
33.9%
400s
28.5%
1200s
27.8%
1300s
24.2%
800s
22.9%
500s
21.7%
600s
21.5%
700s
20.1%
900s
19.2%
Remove Ads.
Support Sporcle.
Get the best of Sporcle when you Go Orange. This ad-free experience offers more features, more stats, and more fun while also helping to support Sporcle. Thank you for becoming a member.

You're not logged in!

Compare scores with friends on all Sporcle quizzes.
OR
Log In

Show Comments

Extras

Top Quizzes Today


Score Distribution

Your Account Isn't Verified!

In order to create a playlist on Sporcle, you need to verify the email address you used during registration. Go to your Sporcle Settings to finish the process.

Report this User

Report this user for behavior that violates our Community Guidelines.

Details: